Guess the Taylor Swift Song by the Lyrics #18 - Statistics

General Stats
  • This quiz has been taken 45 times
  • The average score is 423 of 563
Answer Stats
LYRICS % Correct
I
100%
I,
100%
a
98%
in
98%
And
95%
and
95%
it
95%
the
95%
You
95%
you
95%
(You
95%
to
93%
to)
93%
my
90%
My
90%
We
90%
I'm
88%
It's
88%
"It's
88%
be
85%
can't
85%
Can't
85%
go
85%
go)
85%
like
85%
like,
85%
too
85%
what
85%
But
83%
but
83%
of
83%
on
83%
they
83%
(They
83%
just
80%
Just
80%
this
80%
At
78%
Cause
78%
off,
78%
off
78%
Off)
78%
(Off)
78%
see
78%
there
78%
don't
75%
"Oh,
75%
oh,
75%
them
75%
with
75%
Baby,
73%
baby?
73%
down
73%
know
73%
make
73%
out
73%
say
73%
as
70%
gonna
70%
That's
70%
that's
70%
Got
68%
got
68%
hate,
68%
hate
68%
hate)
68%
late
68%
many
68%
mind
68%
nothin'
68%
people
68%
shake,
68%
shake
68%
Shake
68%
stay
68%
stop
68%
up
68%
won't
68%
Won't
68%
alright"
65%
brain
65%
could
65%
his
65%
keep
65%
music
65%
over
65%
over,
65%
own
65%
own)
65%
play,
65%
play
65%
Yeah,
65%
(Yeah),
65%
you've
65%
beat
63%
fake,
63%
fake
63%
fake)
63%
haters
63%
(Haters
63%
players
63%
Sayin'
63%
been
60%
dates
60%
fakers
60%
good
60%
least
60%
movin'
60%
never
60%
new
60%
dancin'
58%
(Dancin'
58%
feet
58%
God"
58%
miss
58%
She's
58%
think
58%
break,
55%
break
55%
brought
55%
come
55%
girlfriend
55%
hair
55%
Heartbreakers
55%
ex-man
53%
fella
53%
hella
53%
moves
53%
(Moves
53%
about
50%
cruisin'
50%
gettin'
50%
sick
50%
world
50%
could've
48%
groovin'
48%
Hey
48%
hey
48%
Hey)
48%
lightnin'
48%
while
48%
dirty
45%
liars
45%
(Mmm)
45%
(Ooh)
45%
(Ooh;
45%
cheats
40%
mm-mm
40%
(Haha)
25%
(Haha),
25%
woah
23%
No matching quizzes found
Score Distribution
Percent of People with Each Score
Percentile by Number Answered
Your Score History
You have not taken this quiz